| 000 | 01317nas1a22002651i 4500 | ||
|---|---|---|---|
| 001 | RU\NLR\Per\728952 | ||
| 005 | 20260407185923.0 | ||
| 035 | _a(NLR Aleph) 002975804 | ||
| 090 |
_a4107194 _c4107194 |
||
| 100 | _a20101216a20039999|||y0rusy50 ca | ||
| 101 | 0 | _arus | |
| 102 | _aRU | ||
| 110 | _azu||||||||| | ||
| 200 | 1 |
_aЗаписки краеведов _fМузейно-выст. центр Заречного, Пенз. гос. пед. ун-т им. В. Г. Белинского |
|
| 207 | 0 | _aВып. 1 (2003) - | |
| 210 |
_aПенза _cАдминистрация и департамент культуры г. Заречного _d2003 - |
||
| 300 | _aВ надзаг. также : Деп. культуры г. Заречного | ||
| 607 |
_aПензенская область _jПериодические издания _xИстория _9912366 _3RU\NLR\AUTH\6613756 |
||
| 686 | 1 | _aТ3(2Р-4П)я54 | |
| 712 | 0 | 2 |
_4570 _aМузейно-выставочный центр _cЗаречный, Пензенская область _9742937 _3RU\NLR\AUTH\8810122482 |
| 852 |
_aNLR _jП22/9147 |
||
| 942 | _cSE | ||
| 980 | _aRUSPER | ||